000
00308nam a22001337a 4500
008
170202b xxu||||| |||| 00| 0 eng d
020
_a
9781416000235
041
_a
eng
080
_2
8TH
_a
61
100
_a
3
101
_a
SHM
245
_a
CECIL REVIEW OF GENERAL INTERNAL MEDICINE
_c
COOPER
942
_2
udc
_c
BK
999
_c
4305
_d
4305